000 00552nam a2200205Ia 4500
003 OSt
005 20220925204624.0
006 a|||||r|||| 00| 0
007 ta
008 220923b |||||||| |||| 00| 0 eng d
037 _cGeneral Book
040 _aRTL
_cRTL
_beng
041 _2eng
_aeng
082 _aXM8:8n, RR
245 0 _aNA
260 _aGreenwich
_bJai Press
650 _aMultinationals
_9231032
942 _hXM8:8n, RR
_cGB
_2CC
999 _c549881
_d549881